zpět

Detail výsledku týmu

Hospoda "Na Hrubé", Napajedla

Datum a čas kvízu

29 Celkem bodů Celkový počet nahraných bodů na tomto kvízu bez doplňovacích otázek.
4. Pořadí na kvízu Konečné umístění týmu na tomto kvízu.

Zaznamenané odpovědi

# Otázka Odpověď Body Výsledky
1. Policie Zlínského kraje vydala... medvěd 1
2. Švýcarský výrobce nožů Victori... nebude obsahovat nožík/čepel 0
3. Pod kterým pseudonymem působí... Nemo 1
4. Objem daňových nedoplatků za l... Česká správa sociálního zabezpečení 0
5. Po dvanáctidenní plavbě dovezl... Marseille 0
6. Podíváme se do zemí či krajů,... Genovia, Anne Hathaway 1
7. Jak se nazývá chudé království... A) Monte Albo 1
8. Brobdingnag, Laputa, Balnibarb... Gulliverovy cesty 0
9. Přiřaďte tyto postavy z knižní... 1C 2A 3B 4D 1
10. Děj které humoristické novely... Rozmarné léto 0